Govt. of
Madhya Pradesh

वित्तीय शक्ति पुस्तिका 2025 भाग -1 साथ में भाग- 2 (Record no. 68278)

MARC details
000 -LEADER
fixed length control field 00461nam a22001097a 4500
082 ## - DEWEY DECIMAL CLASSIFICATION NUMBER
Classification number 658
100 ## - MAIN ENTRY--AUTHOR NAME
Personal name पराडकर,श्रीनिवास
245 ## - TITLE STATEMENT
Title वित्तीय शक्ति पुस्तिका 2025 भाग -1 साथ में भाग- 2
260 ## - PUBLICATION, DISTRIBUTION, ETC. (IMPRINT)
Place of publication इन्‍दौर
Name of publisher अमर लाॅ पब्लिकेशन
Year of publication 2025
650 ## - SUBJECT ADDED ENTRY--TOPICAL TERM
Topical Term वित्तीय प्रबंध
942 ## - ADDED ENTRY ELEMENTS (KOHA)
Koha item type Competitive Books
Holdings
Withdrawn status Lost status Damaged status Not for loan Home library Current library Date acquired Cost, normal purchase price Full call number Accession Number Price effective from Koha item type
        MACL MACL 15/10/2025 950.00 658 GCLH00600 15/10/2025 Competitive Books